[Event "37. Copenhagen Open (Politiken Cup)"]
[Site "Elsinore"]
[Date "2015.07.27"]
[Round "4"]
[White "Micalizio, Tiziano Wul"]
[Black "Norevall, Ulf"]
[Result "1-0"]
[WhiteElo "1644"]
[BlackElo "1905"]
[PlyCount "61"]
[EventDate "2015.07.25"]
[EventType "swiss"]
[EventRounds "10"]
[EventCountry "DEN"]
[Source "ChessBase"]
[SourceDate "2015.09.14"]

1. d4 d5 2. Nf3 Nf6 3. g3 c6 4. Bg2 Bf5 5. O-O e6 6. c4 Be7 7. cxd5 exd5 8. Nc3
O-O 9. Bf4 Nbd7 10. Rc1 Re8 11. Nb5 Nh5 12. Bc7 Qc8 13. Bd6 Nf8 14. Bxe7 Rxe7
15. Nd6 Qe6 16. Nxf5 Qxf5 17. Nh4 Qd7 18. e4 Nf6 19. e5 Ne8 20. f4 g6 21. f5 f6
22. exf6 Rf7 23. fxg6 hxg6 24. Qc2 Qg4 25. Rf4 Qh5 26. Bf3 Qh6 27. Ng2 g5 28.
Rf5 Nd6 29. Re5 Qxf6 30. Rf1 Rg7 31. Bxd5+ 1-0

[Event "37. Copenhagen Open (Politiken Cup)"]
[Site "Elsinore"]
[Date "2015.07.27"]
[Round "4"]
[White "Moe, Mogens"]
[Black "Jorgensen, Dennis"]
[Result "0-1"]
[WhiteElo "2070"]
[BlackElo "2253"]
[PlyCount "70"]
[EventDate "2015.07.25"]
[EventType "swiss"]
[EventRounds "10"]
[EventCountry "DEN"]
[Source "ChessBase"]
[SourceDate "2015.09.14"]

1. e4 c6 2. d4 d5 3. e5 Bf5 4. Nc3 e6 5. g4 Bg6 6. Nge2 c5 7. Be3 h5 8. Nf4 Bh7
9. dxc5 hxg4 10. Nb5 Nc6 11. Qxg4 Nh6 12. Qe2 Nf5 13. O-O-O Nxe3 14. Qxe3 Qa5
15. a3 O-O-O 16. Rd2 d4 17. Qg3 Bf5 18. b4 Nxb4 19. Nxd4 Na2+ 20. Kd1 Nc3+ 21.
Ke1 Ne4 22. Nb3 Nxg3 23. Nxa5 Rxd2 24. Kxd2 Nxh1 25. Bg2 Rxh2 26. Bxb7+ Kc7 27.
Bxh1 Rxh1 28. Nb3 Be7 29. Ne2 Rh2 30. Ned4 a6 31. Ke1 Be4 32. Ke2 Bd5 33. Ke3
Bxb3 34. Nxb3 Kc6 35. Kd4 Rh4+ 0-1

[Event "37. Copenhagen Open (Politiken Cup)"]
[Site "Elsinore"]
[Date "2015.07.27"]
[Round "4"]
[White "Moller, Arne"]
[Black "Lobersli, Henrik Oie"]
[Result "1-0"]
[WhiteElo "1787"]
[BlackElo "2034"]
[PlyCount "67"]
[EventDate "2015.07.25"]
[EventType "swiss"]
[EventRounds "10"]
[EventCountry "DEN"]
[Source "ChessBase"]
[SourceDate "2015.09.14"]

1. e4 e5 2. Nf3 Nc6 3. Bb5 f5 4. d4 fxe4 5. Bxc6 bxc6 6. Nxe5 Qf6 7. O-O c5 8.
Qe2 d5 9. c3 Ba6 10. Qg4 Qd6 11. Re1 Nf6 12. Qd1 Be7 13. Qa4+ Kf8 14. Bf4 Qb6
15. Nd2 Bb5 16. Qb3 Be8 17. Qc2 Nd7 18. b4 c4 19. Nexc4 Qf6 20. Be5 Qg6 21. Ne3
Nxe5 22. dxe5 Qe6 23. f4 Bb5 24. a4 Bd3 25. Qa2 c6 26. Nb3 g6 27. Nd4 Qd7 28.
Qf2 Ke8 29. f5 Bg5 30. f6 Bxe3 31. Rxe3 Rf8 32. e6 Qd6 33. Qh4 Rh8 34. f7+ 1-0

[Event "37. Copenhagen Open (Politiken Cup)"]
[Site "Elsinore"]
[Date "2015.07.27"]
[Round "4"]
[White "Molvig, Henrik"]
[Black "Svendsen, Peter"]
[Result "1/2-1/2"]
[WhiteElo "2157"]
[BlackElo "1969"]
[PlyCount "27"]
[EventDate "2015.07.25"]
[EventType "swiss"]
[EventRounds "10"]
[EventCountry "DEN"]
[Source "ChessBase"]
[SourceDate "2015.09.14"]

1. d4 d5 2. c4 dxc4 3. Nf3 Nf6 4. e3 e6 5. Bxc4 a6 6. O-O c5 7. Bb3 b5 8. a4
Bb7 9. axb5 axb5 10. Rxa8 Bxa8 11. dxc5 Qxd1 12. Rxd1 Bxc5 13. Nc3 b4 14. Nb5
1/2-1/2

[Event "37. Copenhagen Open (Politiken Cup)"]
[Site "Elsinore"]
[Date "2015.07.27"]
[Round "4"]
[White "Morkedal, Oyvind"]
[Black "Thybo, Jan"]
[Result "1-0"]
[WhiteElo "1689"]
[BlackElo "1352"]
[PlyCount "71"]
[EventDate "2015.07.25"]
[EventType "swiss"]
[EventRounds "10"]
[EventCountry "DEN"]
[Source "ChessBase"]
[SourceDate "2015.09.14"]

1. d4 Nf6 2. Bg5 g6 3. Bxf6 exf6 4. e4 Bg7 5. Nf3 d6 6. Bd3 O-O 7. O-O Nd7 8.
c3 c5 9. Na3 a6 10. Nc4 Nb6 11. Ne3 Nd7 12. b4 b6 13. bxc5 dxc5 14. Rb1 b5 15.
a4 c4 16. Be2 Qa5 17. Qc2 Nb6 18. axb5 axb5 19. Qc1 Qa3 20. Rxb5 Qxc1 21. Rxc1
Na4 22. Bxc4 Bd7 23. Rbb1 f5 24. exf5 gxf5 25. Bb5 Be6 26. d5 Nxc3 27. dxe6
Nxb1 28. exf7+ Kxf7 29. Rxb1 Kg6 30. Bd3 h6 31. Nh4+ Kf7 32. Nhxf5 Ra1 33.
Nxh6+ Ke7 34. Nef5+ Kd8 35. Nxg7 Ra2 36. Ne6+ 1-0

[Event "37. Copenhagen Open (Politiken Cup)"]
[Site "Elsinore"]
[Date "2015.07.27"]
[Round "4"]
[White "Mott, Jens"]
[Black "Nielsen, Hogni Egilstoft"]
[Result "0-1"]
[WhiteElo "1953"]
[BlackElo "2338"]
[PlyCount "84"]
[EventDate "2015.07.25"]
[EventType "swiss"]
[EventRounds "10"]
[EventCountry "DEN"]
[Source "ChessBase"]
[SourceDate "2015.09.14"]

1. e4 d5 2. exd5 Nf6 3. Bb5+ Nbd7 4. d4 Nxd5 5. Nf3 c6 6. Be2 g6 7. O-O Bg7 8.
Re1 O-O 9. c4 N5b6 10. a4 a5 11. Ra2 e5 12. dxe5 Nxe5 13. Nxe5 Bxe5 14. Qxd8
Rxd8 15. Be3 Bc7 16. Ra3 Be6 17. Rc1 Nxc4 18. Bxc4 Bxc4 19. Nd2 Be6 20. f4 Bd6
21. Raa1 Bb4 22. Nc4 Rd3 23. Kf2 Rad8 24. Bb6 R8d5 25. Ne3 Rd2+ 26. Kg1 R5d3
27. Rd1 Bb3 28. Rdb1 Re2 29. Nf1 Bd5 30. Ne3 Rdxe3 31. Bxe3 Rxe3 32. Kf1 Bc4+
33. Kf2 Re2+ 34. Kg3 Bd5 35. Rg1 Bc5 36. Rgd1 Rxg2+ 37. Kh3 Rxb2 38. f5 Rb3+
39. Kg4 Kg7 40. Rf1 h5+ 41. Kf4 Rb4+ 42. Kg3 Rg4+ 0-1

[Event "37. Copenhagen Open (Politiken Cup)"]
[Site "Elsinore"]
[Date "2015.07.27"]
[Round "4"]
[White "Mouritsen, Jan"]
[Black "Hofmann, Rares"]
[Result "0-1"]
[WhiteElo "1799"]
[BlackElo "2065"]
[PlyCount "56"]
[EventDate "2015.07.25"]
[EventType "swiss"]
[EventRounds "10"]
[EventCountry "DEN"]
[Source "ChessBase"]
[SourceDate "2015.09.14"]

1. d4 d5 2. Nf3 Nf6 3. c4 c6 4. Nc3 e6 5. Bg5 dxc4 6. e4 b5 7. e5 h6 8. Bh4 g5
9. Nxg5 hxg5 10. Bxg5 Nbd7 11. exf6 Bb7 12. g3 c5 13. d5 Qb6 14. Bg2 O-O-O 15.
O-O b4 16. Na4 Qa6 17. Re1 Bxd5 18. Bxd5 exd5 19. Qxd5 Qxa4 20. Bf4 Nb6 21.
Qf5+ Qd7 22. Qe4 Qd5 23. Qe3 Bd6 24. Rad1 Bxf4 25. Qxf4 Qc6 26. Qf5+ Kb7 27. h4
Rxd1 28. Rxd1 Rh6 0-1

[Event "37. Copenhagen Open (Politiken Cup)"]
[Site "Elsinore"]
[Date "2015.07.27"]
[Round "4"]
[White "Mozelius, Peter"]
[Black "Rishovd, Svein"]
[Result "1/2-1/2"]
[WhiteElo "1825"]
[BlackElo "2094"]
[PlyCount "61"]
[EventDate "2015.07.25"]
[EventType "swiss"]
[EventRounds "10"]
[EventCountry "DEN"]
[Source "ChessBase"]
[SourceDate "2015.09.14"]

1. Nf3 c5 2. g3 d5 3. Bg2 Nf6 4. d3 e6 5. O-O Be7 6. Nbd2 Nc6 7. Re1 b6 8. e4
dxe4 9. Nxe4 Bb7 10. Nc3 O-O 11. Bf4 Rc8 12. Ne5 Nd5 13. Nxd5 exd5 14. Qh5 g6
15. Qe2 Nd4 16. Qd2 g5 17. Be3 Nc6 18. Nxc6 Bxc6 19. d4 Bf6 20. c3 c4 21. Qe2
Kg7 22. Qh5 h6 23. f4 Rh8 24. Qf3 Rc7 25. Re2 Qd7 26. f5 Re8 27. Rae1 Qd8 28.
g4 Rce7 29. Bf2 Rxe2 30. Rxe2 Rxe2 31. Qxe2 1/2-1/2

[Event "37. Copenhagen Open (Politiken Cup)"]
[Site "Elsinore"]
[Date "2015.07.27"]
[Round "4"]
[White "Naesborg, Jens Ole"]
[Black "Boukhris, Yacine"]
[Result "0-1"]
[WhiteElo "1900"]
[BlackElo "2163"]
[PlyCount "84"]
[EventDate "2015.07.25"]
[EventType "swiss"]
[EventRounds "10"]
[EventCountry "DEN"]
[Source "ChessBase"]
[SourceDate "2015.09.14"]

1. e4 e6 2. Nf3 d5 3. e5 Bd7 4. d4 c5 5. c3 Nc6 6. Bd3 cxd4 7. cxd4 Qb6 8. O-O
Nxd4 9. Nxd4 Qxd4 10. Nc3 a6 11. Re1 Ne7 12. Be3 Qxe5 13. Qg4 h5 14. Qh3 Qf6
15. Qg3 h4 16. Qc7 Bc6 17. Rad1 Rc8 18. Qb6 h3 19. Bd4 Qf4 20. Be5 Qg4 21. Bg3
hxg2 22. Be2 Qg5 23. Bf3 Nf5 24. Bxd5 Be7 25. Bxc6+ bxc6 26. Ne4 Qh5 27. Qxa6
O-O 28. Qc4 Rfd8 29. Rxd8+ Rxd8 30. Qxc6 Nd4 31. Qc7 Nf3+ 32. Kxg2 Nxe1+ 33.
Kf1 Rd1 34. Nc3 Rc1 35. Qb7 Nf3+ 36. Ke2 Re1+ 37. Kd3 Qf5+ 38. Ne4 Qd5+ 39.
Qxd5 exd5 40. Nc3 d4 41. Ne2 Rd1+ 42. Kc4 Bf6 0-1

[Event "37. Copenhagen Open (Politiken Cup)"]
[Site "Elsinore"]
[Date "2015.07.27"]
[Round "4"]
[White "Nahnsen, Kenneth"]
[Black "Engel, Robert"]
[Result "1-0"]
[WhiteElo "1960"]
[BlackElo "1725"]
[PlyCount "57"]
[EventDate "2015.07.25"]
[EventType "swiss"]
[EventRounds "10"]
[EventCountry "DEN"]
[Source "ChessBase"]
[SourceDate "2015.09.14"]

1. d4 Nf6 2. Nf3 g6 3. c4 Bg7 4. g3 O-O 5. Bg2 d6 6. O-O c6 7. Nc3 Qc7 8. e4 e5
9. h3 Ne8 10. dxe5 dxe5 11. c5 Na6 12. Be3 Qe7 13. Rc1 Nec7 14. Qb3 Ne6 15.
Rfd1 Naxc5 16. Qa3 Re8 17. Nd5 cxd5 18. exd5 Na6 19. dxe6 Bxe6 20. Ng5 Qxa3 21.
bxa3 Rab8 22. Nxe6 Rxe6 23. Bxb7 Rxb7 24. Rd8+ Bf8 25. Bh6 Rb8 26. Rcc8 Rxc8
27. Rxc8 Re8 28. Rxe8 Nc7 29. Rxf8# 1-0

[Event "37. Copenhagen Open (Politiken Cup)"]
[Site "Elsinore"]
[Date "2015.07.27"]
[Round "4"]
[White "Narheim, Mats"]
[Black "Wadstensvik, Petter Andreas"]
[Result "0-1"]
[WhiteElo "1264"]
[BlackElo "1658"]
[PlyCount "62"]
[EventDate "2015.07.25"]
[EventType "swiss"]
[EventRounds "10"]
[EventCountry "DEN"]
[Source "ChessBase"]
[SourceDate "2015.09.14"]

1. e4 c5 2. Nc3 Nc6 3. Bb5 d6 4. Bxc6+ bxc6 5. f4 g6 6. Nf3 Bg7 7. d3 Nf6 8.
Be3 O-O 9. O-O Ng4 10. Qd2 Nxe3 11. Qxe3 Qb6 12. Qc1 c4+ 13. Kh1 cxd3 14. cxd3
Rb8 15. Rb1 Ba6 16. Qd2 f5 17. e5 dxe5 18. fxe5 Rfd8 19. Rfd1 Rxd3 20. Qc2
Rxd1+ 21. Nxd1 Rd8 22. Nc3 Bd3 23. Qa4 Bxb1 24. Ng5 Rd4 25. Qa3 Rb4 26. h3 Bxe5
27. h4 Rxh4+ 28. Nh3 Qf2 29. Qb3+ Kg7 30. Qc4 Rxh3+ 31. gxh3 Qh2# 0-1

[Event "37. Copenhagen Open (Politiken Cup)"]
[Site "Elsinore"]
[Date "2015.07.27"]
[Round "4"]
[White "Nielsen, Andre"]
[Black "Kakulidis, Ellen"]
[Result "1-0"]
[WhiteElo "1963"]
[BlackElo "1770"]
[PlyCount "47"]
[EventDate "2015.07.25"]
[EventType "swiss"]
[EventRounds "10"]
[EventCountry "DEN"]
[Source "ChessBase"]
[SourceDate "2015.09.14"]

1. e4 c5 2. Nf3 e6 3. d4 cxd4 4. Nxd4 Nc6 5. Nc3 Qc7 6. Be3 a6 7. Be2 Nf6 8.
O-O Bb4 9. Na4 Be7 10. Nxc6 bxc6 11. Nb6 Rb8 12. Nxc8 Qxc8 13. Bd4 O-O 14. e5
Nd5 15. c4 Nf4 16. Bf3 f6 17. exf6 Bxf6 18. Bc5 Rxb2 19. Bxf8 Qxf8 20. Qxd7 Rc2
21. Rac1 Rxc1 22. Rxc1 c5 23. Rb1 Bd4 24. Qc7 1-0

[Event "37. Copenhagen Open (Politiken Cup)"]
[Site "Elsinore"]
[Date "2015.07.27"]
[Round "4"]
[White "Nielsen, Jan Mose"]
[Black "Thybo, Jesper Sondergaard"]
[Result "0-1"]
[WhiteElo "2074"]
[BlackElo "2255"]
[PlyCount "116"]
[EventDate "2015.07.25"]
[EventType "swiss"]
[EventRounds "10"]
[EventCountry "DEN"]
[Source "ChessBase"]
[SourceDate "2015.09.14"]

1. d4 e6 2. c4 Nf6 3. g3 c5 4. Nf3 cxd4 5. Nxd4 e5 6. Nb5 d5 7. cxd5 Qa5+ 8.
N5c3 Bf5 9. Bg2 b5 10. O-O b4 11. Qa4+ Qxa4 12. Nxa4 Nbd7 13. a3 a5 14. h3 Bc2
15. b3 Bxb3 16. Nb2 e4 17. d6 Bxd6 18. Nd2 Bd5 19. Nbc4 Bc5 20. axb4 Bxb4 21.
Ba3 O-O 22. Nxa5 Bxd2 23. Bxf8 Kxf8 24. Nb3 Rxa1 25. Nxa1 Bb4 26. Nc2 Bc5 27.
e3 Ne5 28. Ra1 Nc6 29. Bf1 Ke7 30. Na3 Ne5 31. Nb5 Nfd7 32. Nc3 Bc6 33. Bb5 Bb7
34. Na4 Bd6 35. Kg2 h5 36. Rb1 Ba8 37. h4 Nf6 38. Nb6 Bb7 39. Nc4 Nxc4 40. Bxc4
Bd5 41. Bxd5 Nxd5 42. Ra1 Ke6 43. Ra5 Bc7 44. Ra6+ Bb6 45. Kf1 Kf5 46. Ke2 Kg4
47. Ra3 Kf5 48. Kf1 Bc7 49. Kg2 Bd6 50. Ra5 Ke6 51. Ra4 Nb4 52. Ra5 g6 53. Rb5
Nd3 54. Kf1 Bb4 55. Ke2 Be1 56. Rb6+ Ke7 57. Rb7+ Kf6 58. Rb6+ Kg7 0-1

[Event "37. Copenhagen Open (Politiken Cup)"]
[Site "Elsinore"]
[Date "2015.07.27"]
[Round "4"]
[White "Nielsen, Jorgen Lovgren"]
[Black "Papp, Petra"]
[Result "0-1"]
[WhiteElo "2106"]
[BlackElo "2300"]
[PlyCount "84"]
[EventDate "2015.07.25"]
[EventType "swiss"]
[EventRounds "10"]
[EventCountry "DEN"]
[Source "ChessBase"]
[SourceDate "2015.09.14"]

1. e4 c5 2. Nf3 d6 3. d4 cxd4 4. Nxd4 Nf6 5. Nc3 a6 6. Be2 e5 7. Nb3 Be7 8. O-O
O-O 9. Be3 Be6 10. f4 exf4 11. Bxf4 Nc6 12. Kh1 Rc8 13. Qd2 Ne5 14. Nd4 Qb6 15.
Rab1 Rfe8 16. Be3 Qa5 17. Nb3 Qc7 18. Rbc1 b5 19. Rfd1 h6 20. Nd5 Bxd5 21. exd5
Nfg4 22. Bxg4 Nxg4 23. Bf4 Bh4 24. Rf1 Qc4 25. h3 Nf6 26. Bxd6 Ne4 27. Qf4 Ng3+
28. Kh2 Nxf1+ 29. Rxf1 Qxf4+ 30. Rxf4 Bg5 31. Rf2 Rcd8 32. Bg3 Rxd5 33. c3 Rd1
34. Rc2 h5 35. h4 Be3 36. Bf2 Bxf2 37. Rxf2 Re4 38. g3 Ree1 39. Kg2 Rg1+ 40.
Kh2 Rh1+ 41. Kg2 Rdg1+ 42. Kf3 Rf1 0-1

[Event "37. Copenhagen Open (Politiken Cup)"]
[Site "Elsinore"]
[Date "2015.07.27"]
[Round "4"]
[White "Nielsen, Lars Aaes"]
[Black "Nielsen, Carsten Juul"]
[Result "1-0"]
[WhiteElo "2201"]
[BlackElo "2023"]
[PlyCount "125"]
[EventDate "2015.07.25"]
[EventType "swiss"]
[EventRounds "10"]
[EventCountry "DEN"]
[Source "ChessBase"]
[SourceDate "2015.09.14"]

1. e4 c5 2. c3 d5 3. exd5 Qxd5 4. d4 e5 5. Nf3 cxd4 6. cxd4 Bb4+ 7. Bd2 Bxd2+
8. Qxd2 exd4 9. Nxd4 Ne7 10. Nb5 O-O 11. Qxd5 Nxd5 12. Bc4 a6 13. Nd6 Nb6 14.
Bb3 Nc6 15. O-O Nd4 16. Nd2 Rb8 17. Rfe1 Be6 18. Bxe6 Nxe6 19. Rac1 Nd5 20.
N2c4 Rfd8 21. Rcd1 b5 22. Rxd5 bxc4 23. Rd2 Rb6 24. Red1 Rc6 25. Nf5 Rxd2 26.
Rxd2 Rc5 27. Ne7+ Kf8 28. Nd5 Nc7 29. Nxc7 Rxc7 30. Rc2 Ke7 31. Kf1 Kd6 32. Ke2
Kc5 33. Kd2 Kb4 34. Rc3 Rd7+ 35. Kc2 Re7 36. Rf3 Re2+ 37. Kc1 f6 38. h4 a5 39.
g3 a4 40. a3+ Kc5 41. Rf4 Kd5 42. h5 h6 43. Kb1 Rd2 44. Rg4 Rxf2 45. Rxg7 Rg2
46. Rg6 c3 47. bxc3 Kc4 48. Rxf6 Kb3 49. Kc1 Rc2+ 50. Kd1 Rxc3 51. g4 Rg3 52.
Rg6 Rg2 53. Ke1 Kxa3 54. Kf1 Rb2 55. Rxh6 Rb4 56. Rg6 Kb2 57. h6 a3 58. h7 Ka2
59. h8=Q Rb1+ 60. Kf2 Rb6 61. Qg8+ Ka1 62. Qg7+ Ka2 63. Qf7+ 1-0

[Event "37. Copenhagen Open (Politiken Cup)"]
[Site "Elsinore"]
[Date "2015.07.27"]
[Round "4"]
[White "Nielsen, Morten"]
[Black "Haagen Larsen, Hans"]
[Result "1-0"]
[WhiteElo "1942"]
[BlackElo "1714"]
[PlyCount "65"]
[EventDate "2015.07.25"]
[EventType "swiss"]
[EventRounds "10"]
[EventCountry "DEN"]
[Source "ChessBase"]
[SourceDate "2015.09.14"]

1. e4 e6 2. d4 d5 3. Nd2 c5 4. exd5 Qxd5 5. dxc5 Bxc5 6. Ngf3 Nc6 7. Bc4 Qd8 8.
Qe2 Qc7 9. c3 Nf6 10. O-O a6 11. a4 O-O 12. Ne4 Nxe4 13. Qxe4 Ne7 14. Ng5 Ng6
15. Re1 h6 16. Nf3 Bd7 17. Qg4 Kh7 18. Bd3 f5 19. Qh5 Be7 20. Nd4 Rf6 21. g3
Ne5 22. Bc2 Rg8 23. Bg5 Be8 24. Qh3 Rg6 25. Bxe7 Bc6 26. Ba3 Bf3 27. Nxe6 Rxe6
28. Qxf5+ g6 29. Qxe6 Nc6 30. Be4 Nd8 31. Qe7+ Qxe7 32. Bxe7 Bxe4 33. Rxe4 1-0

[Event "37. Copenhagen Open (Politiken Cup)"]
[Site "Elsinore"]
[Date "2015.07.27"]
[Round "4"]
[White "Nielsen, Thomas Bach"]
[Black "Stuhr, Peter Sebastian"]
[Result "0-1"]
[WhiteElo "2193"]
[BlackElo "1999"]
[PlyCount "80"]
[EventDate "2015.07.25"]
[EventType "swiss"]
[EventRounds "10"]
[EventCountry "DEN"]
[Source "ChessBase"]
[SourceDate "2015.09.14"]

1. d4 d6 2. Nf3 Nd7 3. c4 e5 4. Nc3 Ngf6 5. e4 c6 6. d5 Be7 7. Qc2 Qc7 8. Be2
h6 9. a3 a5 10. Rb1 a4 11. Be3 Qa5 12. O-O Ng4 13. Bd2 Nc5 14. h3 Nf6 15. Be3
Nb3 16. dxc6 bxc6 17. Rbd1 Be6 18. Nh4 O-O 19. Nf5 Bxf5 20. exf5 d5 21. Bd2
Nxd2 22. Qxd2 d4 23. Nb1 Qxd2 24. Rxd2 Rfb8 25. Bf3 e4 26. Bd1 c5 27. Re1 Bd8
28. b4 axb3 29. Rb2 Ba5 30. Ree2 d3 31. Re3 Bc7 32. f3 Be5 33. Rd2 Bd4 34. Kf2
Ra4 35. fxe4 Nxe4+ 36. Kf3 Nxd2+ 37. Nxd2 Bxe3 38. Kxe3 Rxa3 39. Kxd3 Rd8+ 40.
Ke2 Ra2 0-1

[Event "37. Copenhagen Open (Politiken Cup)"]
[Site "Elsinore"]
[Date "2015.07.27"]
[Round "4"]
[White "Nielsen, Viktor"]
[Black "Petersen, Tom Petri"]
[Result "0-1"]
[WhiteElo "2069"]
[BlackElo "2360"]
[PlyCount "54"]
[EventDate "2015.07.25"]
[EventType "swiss"]
[EventRounds "10"]
[EventCountry "DEN"]
[Source "ChessBase"]
[SourceDate "2015.09.14"]

1. e4 g6 2. d4 Bg7 3. Nc3 d6 4. f4 a6 5. Nf3 Nd7 6. Bd3 e6 7. O-O Ne7 8. a4 b6
9. Be3 O-O 10. f5 exf5 11. exf5 Nf6 12. fxg6 fxg6 13. d5 Nf5 14. Bf2 Ng4 15.
Bxf5 Nxf2 16. Rxf2 Bxf5 17. Qd2 Qf6 18. Re1 Rae8 19. Nd1 Bg4 20. c3 Bxf3 21.
Rxf3 Qh4 22. Rxf8+ Rxf8 23. b3 Be5 24. g3 Bxg3 25. hxg3 Qxg3+ 26. Kh1 Rf5 27.
Re8+ Kf7 0-1

[Event "37. Copenhagen Open (Politiken Cup)"]
[Site "Elsinore"]
[Date "2015.07.27"]
[Round "4"]
[White "Nilssen, John Arni"]
[Black "Brendel, Bergit"]
[Result "1/2-1/2"]
[WhiteElo "2285"]
[BlackElo "2086"]
[PlyCount "74"]
[EventDate "2015.07.25"]
[EventType "swiss"]
[EventRounds "10"]
[EventCountry "DEN"]
[Source "ChessBase"]
[SourceDate "2015.09.14"]

1. c4 e6 2. Nc3 d5 3. d4 c5 4. e3 Nf6 5. Nf3 Nc6 6. a3 a6 7. dxc5 Bxc5 8. b4
Ba7 9. Bb2 O-O 10. cxd5 exd5 11. Ne2 Bg4 12. Ned4 Nxd4 13. Bxd4 Bxd4 14. Qxd4
Rc8 15. Bd3 Qc7 16. Ne5 Qc3+ 17. Qxc3 Rxc3 18. Kd2 Rc7 19. f3 Be6 20. Rac1 Rfc8
21. Rxc7 Rxc7 22. Rb1 Ne8 23. f4 Nd6 24. Nf3 Bf5 25. Bxf5 Nxf5 26. b5 f6 27.
bxa6 bxa6 28. Rb3 Nd6 29. Kd3 Rc4 30. Nd4 Ne4 31. Rb8+ Kf7 32. f5 Rc3+ 33. Ke2
Rxa3 34. Rb7+ Kg8 35. Rb8+ Kf7 36. Rb7+ Kg8 37. Rb8+ Kf7 1/2-1/2

[Event "37. Copenhagen Open (Politiken Cup)"]
[Site "Elsinore"]
[Date "2015.07.27"]
[Round "4"]
[White "Nisipeanu, Liviu Dieter"]
[Black "Jepson, Christian"]
[Result "1-0"]
[WhiteElo "2654"]
[BlackElo "2428"]
[PlyCount "65"]
[EventDate "2015.07.25"]
[EventType "swiss"]
[EventRounds "10"]
[EventCountry "DEN"]
[Source "ChessBase"]
[SourceDate "2015.09.14"]

1. d4 Nf6 2. c4 c5 3. e3 g6 4. Nc3 Bg7 5. d5 d6 6. Nf3 O-O 7. h3 e6 8. Bd3 a6
9. a4 exd5 10. cxd5 Nbd7 11. O-O Rb8 12. Re1 Re8 13. e4 Nh5 14. Bg5 Bf6 15. Be3
Ne5 16. Be2 Nxf3+ 17. Bxf3 Ng7 18. Rc1 Bd7 19. Qd2 Qa5 20. Bf4 Be5 21. Bxe5
Rxe5 22. Bg4 f5 23. exf5 gxf5 24. Rxe5 dxe5 25. Be2 Qd8 26. Qe3 Qe7 27. d6 Qxd6
28. Rd1 Qe7 29. Nd5 Qe6 30. Bc4 Kh8 31. Nb6 Qxb6 32. Rxd7 Qc6 33. Rxg7 1-0

[Event "37. Copenhagen Open (Politiken Cup)"]
[Site "Elsinore"]
[Date "2015.07.27"]
[Round "4"]
[White "Nordenbaek, Jan"]
[Black "Weishaeutel, Moritz"]
[Result "1-0"]
[WhiteElo "2134"]
[BlackElo "1926"]
[PlyCount "69"]
[EventDate "2015.07.25"]
[EventType "swiss"]
[EventRounds "10"]
[EventCountry "DEN"]
[Source "ChessBase"]
[SourceDate "2015.09.14"]

1. d4 d5 2. c4 e6 3. Nc3 Nf6 4. cxd5 exd5 5. Bg5 Nbd7 6. e3 Be7 7. Qc2 O-O 8.
Bd3 c6 9. Nge2 Re8 10. O-O Nf8 11. f3 Ng6 12. Rad1 Be6 13. Qd2 Qc7 14. Ng3 Nh5
15. Nxh5 Bxg5 16. f4 Bh6 17. Ng3 Bg4 18. Rde1 Re7 19. Bf5 Bxf5 20. Nxf5 Ree8
21. Nxh6+ gxh6 22. f5 Ne7 23. e4 Kh8 24. Qxh6 Ng8 25. Qh4 dxe4 26. f6 Qd6 27.
Qg5 Qf8 28. Nxe4 Rad8 29. Qh5 Rd7 30. Ng5 h6 31. Re7 Rexe7 32. fxe7 Qxe7 33.
Nxf7+ Kg7 34. Ne5 Nf6 35. Qg6+ 1-0

[Event "37. Copenhagen Open (Politiken Cup)"]
[Site "Elsinore"]
[Date "2015.07.27"]
[Round "4"]
[White "Nordin, Eric"]
[Black "Jarve, Edvin"]
[Result "1-0"]
[WhiteElo "1899"]
[BlackElo "1637"]
[PlyCount "49"]
[EventDate "2015.07.25"]
[EventType "swiss"]
[EventRounds "10"]
[EventCountry "DEN"]
[Source "ChessBase"]
[SourceDate "2015.09.14"]

1. e4 e6 2. d4 d5 3. Nd2 Nf6 4. e5 Nfd7 5. Bd3 c5 6. c3 Nc6 7. Ne2 cxd4 8. cxd4
f6 9. exf6 Nxf6 10. Nf3 Bd6 11. O-O Qc7 12. Bg5 O-O 13. Rc1 Bd7 14. a3 Be8 15.
Ng3 Bxg3 16. hxg3 Bh5 17. Qc2 h6 18. Bxf6 gxf6 19. Rfe1 Rae8 20. Bb5 Bxf3 21.
gxf3 Qb6 22. Qg6+ Kh8 23. Qxh6+ Kg8 24. Qg6+ Kh8 25. Kg2 1-0

[Event "37. Copenhagen Open (Politiken Cup)"]
[Site "Elsinore"]
[Date "2015.07.27"]
[Round "4"]
[White "Olsen, Kaj"]
[Black "Maselli, David"]
[Result "0-1"]
[WhiteElo "1701"]
[BlackElo "1387"]
[PlyCount "124"]
[EventDate "2015.07.25"]
[EventType "swiss"]
[EventRounds "10"]
[EventCountry "DEN"]
[Source "ChessBase"]
[SourceDate "2015.09.14"]

1. e4 g6 2. d4 Bg7 3. Nf3 d6 4. Bb5+ c6 5. Ba4 Nf6 6. e5 dxe5 7. Nxe5 Qa5+ 8.
Nc3 Nd5 9. Nc4 Qa6 10. Qe2 Nxc3 11. bxc3 Qxa4 12. Nd6+ Kf8 13. Nxc8 e6 14. Nd6
Qa5 15. Bd2 Qd5 16. Ne4 Nd7 17. O-O Nf6 18. f3 Ke7 19. Bg5 Rhe8 20. Nxf6 Bxf6
21. Bxf6+ Kxf6 22. Rfe1 Kg7 23. Qe5+ f6 24. Qxd5 exd5 25. Kf2 Kf7 26. Re2 Rxe2+
27. Kxe2 Re8+ 28. Kf2 b6 29. Rb1 Re7 30. Rb4 Rc7 31. c4 c5 32. dxc5 Rxc5 33.
Ke3 dxc4 34. Kd4 c3 35. Ra4 Rc7 36. Ra3 Ke6 37. Rxc3 Rxc3 38. Kxc3 Kd5 39. a4
Kc5 40. h4 a6 41. f4 h5 42. a5 bxa5 43. Kb3 Kb5 44. Ka3 Kc4 45. Ka4 Kc3 46.
Kxa5 Kxc2 47. Kxa6 Kd3 48. Kb6 Ke3 49. Kc6 Kxf4 50. Kd6 Kg3 51. Ke6 f5 52. Kf6
Kxg2 53. Kxg6 f4 54. Kxh5 f3 55. Kg6 f2 56. h5 f1=Q 57. h6 Qf8 58. Kh5 Qh8 59.
Kg5 Qh7 60. Kh5 Kf3 61. Kg5 Ke4 62. Kh5 Kf4 0-1

[Event "37. Copenhagen Open (Politiken Cup)"]
[Site "Elsinore"]
[Date "2015.07.27"]
[Round "4"]
[White "Olsen, Michael Richard W"]
[Black "Saltvedt, Martin"]
[Result "1-0"]
[WhiteElo "2070"]
[BlackElo "1864"]
[PlyCount "87"]
[EventDate "2015.07.25"]
[EventType "swiss"]
[EventRounds "10"]
[EventCountry "DEN"]
[Source "ChessBase"]
[SourceDate "2015.09.14"]

1. Nf3 c5 2. g3 Nc6 3. Bg2 g6 4. O-O Bg7 5. d3 e5 6. Nbd2 Nge7 7. c3 d6 8. Qc2
O-O 9. a3 a5 10. b3 h6 11. Bb2 Be6 12. c4 f5 13. e3 f4 14. exf4 exf4 15. Bxg7
Kxg7 16. Qc3+ Kh7 17. d4 fxg3 18. hxg3 Bg4 19. d5 Nb8 20. Nh2 Bd7 21. Rae1 b5
22. g4 Na6 23. Ne4 Nc8 24. Re3 Nc7 25. Rh3 Ne8 26. Qe3 h5 27. Ng5+ Kg7 28. Ne6+
Bxe6 29. dxe6 Ra7 30. gxh5 Rh8 31. hxg6 Rxh3 32. Qxh3 Nf6 33. Rd1 bxc4 34. bxc4
Ne7 35. Ng4 Neg8 36. Ne5 Nh6 37. Nc6 Qc7 38. Nxa7 Qxa7 39. Rb1 Kxg6 40. Qg3+
Kh5 41. Bf3+ Nhg4 42. Rb7 Qa6 43. Rg7 Qxc4 44. Qh3# 1-0

[Event "37. Copenhagen Open (Politiken Cup)"]
[Site "Elsinore"]
[Date "2015.07.27"]
[Round "4"]
[White "Ozcan, Guney"]
[Black "Ask, Josef"]
[Result "0-1"]
[WhiteElo "1903"]
[BlackElo "2170"]
[PlyCount "52"]
[EventDate "2015.07.25"]
[EventType "swiss"]
[EventRounds "10"]
[EventCountry "DEN"]
[Source "ChessBase"]
[SourceDate "2015.09.14"]

1. e4 c5 2. Nf3 d6 3. d4 cxd4 4. Nxd4 Nf6 5. Nc3 g6 6. Be3 Bg7 7. f3 O-O 8. Qd2
Nc6 9. O-O-O d5 10. Bh6 Bxh6 11. Qxh6 Qb6 12. Nxc6 bxc6 13. exd5 Rb8 14. Na4
Qb4 15. b3 Qa3+ 16. Nb2 Nxd5 17. Rxd5 cxd5 18. Kb1 Bf5 19. g4 Bxc2+ 20. Kxc2
Qxa2 21. Bd3 Rfc8+ 22. Kd2 Qxb2+ 23. Ke3 Qe5+ 24. Kd2 Rxb3 25. Rc1 Rxc1 26.
Bxg6 Qc3+ 0-1